000 00701nam a2200229 i 4500
001 bgj
100 1 _aO'NEILL, Eugene
245 1 0 _aComplete plays 1932-1943 /
_cEugene O'Neill ; [ed. by] Travis Bogard.
260 _aNew York :
_bLiterary Classics of the United States,
_ccop. 1988.
300 _a1007 pp ;
_c21 cm.
490 1 _aThe Library of America ;
_v42
650 9 _aAmerican drama
_y20th century
650 9 _aTheater
_zAmerican
700 1 _aBOGARD, Travis.
_eed.
830 _aThe Library of America ;
020 _a094045050X (hbk, jacket)
040 _cBPK
041 0 _aeng
920 _a0-940450-50-X (hbk, jacket)
942 _cKS
008 s uk f |000 0 eng
999 _c47231
_d47231